Kitāb al-Maʻānī al-kabīr fī abyāt al-maʻānī /
Main Author:
Format: Book
Language: Arabic
Published:
Haydarābād al-Dakan, al-Hind :
Maṭbaʻat Majlis Dāʻirat al-Maʻārif al-ʻUthmānīyah,
1949.
Edition: al-Ṭabʻah 1.
Subjects:
Tags: Add Tag
Call Number: PJ7653 .I3 M3 v.1-2
| LEADER | 01771nam a2200265Ia 4500 | ||
|---|---|---|---|
| 003 | OSt | ||
| 005 | 20231018095943.0 | ||
| 008 | 130303s1949 ii b 001 0 ara d | ||
| 952 | |0 0 |1 0 |2 lcc |3 V.1 |4 0 |6 PJ7653 I3 M3 V.00001-00002 |7 1 |9 50831 |a ARCE |b ARCE |d 2023-10-18 |l 0 |o PJ7653 .I3 M3 v.1-2 |p 1030812 |r 2023-10-18 00:00:00 |w 2023-10-18 |y BK | ||
| 952 | |0 0 |1 0 |2 lcc |3 V.2 |4 0 |6 PJ7653 I3 M3 V.00001-00002 |7 1 |9 63141 |a ARCE |b ARCE |d 2024-02-26 |l 0 |o PJ7653 .I3 M3 v.1-2 |p 1030813 |r 2024-02-26 00:00:00 |w 2024-02-26 |y BK | ||
| 999 | |c 27509 |d 27509 | ||
| 040 | |c ARCE Library | ||
| 050 | 4 | |a PJ7653 .I3 M3 v.1-2 | |
| 100 | 1 | |6 880-01 |a Ibn Qutaybah, ʻAbd Allāh ibn Muslim, |d 828-889?, |e author | |
| 245 | 1 | 0 | |6 880-02 |a Kitāb al-Maʻānī al-kabīr fī abyāt al-maʻānī / |c li-Abī Muḥammad ʻAbd Allāh ibn Muslim ibn Qutaybah al-Dīnawarī. |
| 250 | |a al-Ṭabʻah 1. | ||
| 264 | 1 | |a Haydarābād al-Dakan, al-Hind : |b Maṭbaʻat Majlis Dāʻirat al-Maʻārif al-ʻUthmānīyah, |c 1949. | |
| 300 | |a 3 volumes 2 ; |c 25 cm. | ||
| 504 | |a Includes bibliographical references and indexes. | ||
| 650 | 0 | |a Arabic poetry |x History and criticism. | |
| 740 | 0 | |a Maʻānī al-kabīr fī abyāt al-maʻānī. | |
| 880 | 1 | |6 100-01/(3/r |a ابن قتيبة، عبد الله بن مسلم، |d 828-889? | |
| 880 | 1 | 0 | |6 245-02/(3/r |a كتاب المعاني الكبير في أبيات المعاني |c لأبي محمد عبد الله بن مسلم بن قتيبة الدينوري. |
| 901 | |a reviewed | ||
| 942 | |c BK |2 lcc | ||
